[Event "Europa ch 2014"]
[Site "Yerevan ARM"]
[Date "2014.03.11"]
[Round "8.31"]
[White "Lie, Kjetil A"]
[Black "Swiercz, Dariusz"]
[Result "0-1"]
[WhiteElo "2509"]
[BlackElo "2631"]
[PlyCount "58"]
[EventDate "2014.03.03"]
[EventType "swiss"]
[EventRounds "11"]
[EventCountry "ARM"]
[Source "lmi"]
[SourceDate "2014.03.02"]

1. e4 c5 2. Nf3 e6 3. d4 cxd4 4. Nxd4 Nc6 5. Nc3 Qc7 6. Be3 a6 7. Bd3 Nf6 8.
O-O Ne5 9. h3 Bc5 10. Kh1 d6 11. f4 Ned7 12. Qd2 O-O 13. Rae1 b5 14. Nb3 Bxe3
15. Qxe3 Bb7 16. e5 dxe5 17. fxe5 Nd5 18. Nxd5 Bxd5 19. Rf4 Rae8 20. Qg3 g6 21.
Qg5 Qd8 22. Rf6 Nxf6 23. exf6 h6 24. Qh4 e5 25. Nc5 Kh7 26. Rd1 Qa8 27. Nd7
Bxg2+ 28. Kh2 Rg8 29. Rg1 e4 0-1

[Event "Europa ch 2014"]
[Site "Yerevan ARM"]
[Date "2014.03.11"]
[Round "8.33"]
[White "Pashikian, Arman"]
[Black "Aghasaryan, Robert"]
[Result "1-0"]
[WhiteElo "2612"]
[BlackElo "2503"]
[PlyCount "81"]
[EventDate "2014.03.03"]
[EventType "swiss"]
[EventRounds "11"]
[EventCountry "ARM"]
[Source "lmi"]
[SourceDate "2014.03.02"]

1. d4 d5 2. c4 e6 3. Nf3 Nf6 4. Nc3 Be7 5. Bf4 O-O 6. e3 Nbd7 7. c5 c6 8. h3 b6
9. b4 a5 10. a3 h6 11. Bd3 Ba6 12. Bxa6 Rxa6 13. O-O Qa8 14. Rb1 axb4 15. axb4
Qb7 16. Nd2 Rfa8 17. Nb3 Ra3 18. Qc2 bxc5 19. bxc5 Bd8 20. Rb2 Qa6 21. Rc1 Kh8
22. f3 Qa7 23. Rcb1 Ne8 24. Nc1 Qa5 25. N1e2 Bf6 26. Bg3 e5 27. Be1 Qd8 28. Rb7
Nc7 29. f4 exd4 30. exd4 Ne6 31. Bf2 Kg8 32. f5 Nef8 33. Bg3 Qe8 34. Rc7 Nxc5
35. dxc5 d4 36. Ne4 d3 37. Qc4 R8a4 38. Rb8 Rxc4 39. Rxe8 dxe2 40. Nxf6+ gxf6
41. Rcc8 1-0

[Event "Europa ch 2014"]
[Site "Yerevan ARM"]
[Date "2014.03.11"]
[Round "8.34"]
[White "Malakhov, Vladimir"]
[Black "Qashashvili, Alexandre"]
[Result "1/2-1/2"]
[WhiteElo "2717"]
[BlackElo "2378"]
[PlyCount "129"]
[EventDate "2014.03.03"]
[EventType "swiss"]
[EventRounds "11"]
[EventCountry "ARM"]
[Source "lmi"]
[SourceDate "2014.03.02"]

1. e4 c5 2. Nf3 Nc6 3. Bb5 d6 4. d4 cxd4 5. Qxd4 Qd7 6. Qd3 Nf6 7. O-O e6 8.
Rd1 a6 9. Bxc6 bxc6 10. Nc3 Be7 11. Bg5 Qc7 12. Bf4 e5 13. Bg5 Nh5 14. Bxe7
Kxe7 15. Nd2 Bg4 16. Re1 g6 17. Nc4 Nf4 18. Qd2 Be6 19. Ne3 f6 20. g3 Nh3+ 21.
Kg2 Kf7 22. Rad1 Rad8 23. Qe2 Qb7 24. Rd3 d5 25. exd5 cxd5 26. Ncxd5 Rxd5 27.
Nxd5 Bxd5+ 28. Rxd5 Qxd5+ 29. Kxh3 Qxa2 30. c4 Rc8 31. Rc1 Qa5 32. Rd1 Rd8 33.
b4 Qc7 34. Rxd8 Qxd8 35. Qe4 Qd7+ 36. Kg2 f5 37. Qa8 Qd3 38. Qb7+ Kg8 39. c5 e4
40. Qb8+ Kf7 41. Qf4 Ke6 42. h4 Qd5 43. Qe3 Kd7 44. Qe2 e3+ 45. Qf3 Qd2 46.
Qxe3 Qxb4 47. Qd3+ Ke8 48. Qd6 a5 49. Qe6+ Kf8 50. Qf6+ Kg8 51. c6 Qe4+ 52. Kh2
Qc2 53. Qe6+ Kg7 54. Kg2 a4 55. Qd7+ Kh6 56. c7 Qe4+ 57. Kh2 Qc2 58. Kh3 Qc4
59. Qd2+ Kg7 60. Qf4 Qc5 61. Qxa4 Qxc7 62. Qd4+ Kh6 63. Qf6 Qc5 64. f3 Qg1 65.
Qg5+ 1/2-1/2

[Event "Europa ch 2014"]
[Site "Yerevan ARM"]
[Date "2014.03.11"]
[Round "8.35"]
[White "Korobov, Anton"]
[Black "Ter-Sahakyan, Samvel"]
[Result "0-1"]
[WhiteElo "2719"]
[BlackElo "2572"]
[PlyCount "114"]
[EventDate "2014.03.03"]
[EventType "swiss"]
[EventRounds "11"]
[EventCountry "ARM"]
[Source "lmi"]
[SourceDate "2014.03.02"]

1. d4 d5 2. c4 c6 3. Nf3 Nf6 4. e3 e6 5. Nbd2 c5 6. b3 Nc6 7. Bb2 cxd4 8. exd4
Be7 9. Rc1 O-O 10. Bd3 b6 11. O-O Bb7 12. Qe2 Rc8 13. Rfd1 Re8 14. Qe3 Bf8 15.
Ne5 Nxe5 16. dxe5 Nd7 17. Nf3 g6 18. Nd4 Nc5 19. Bf1 a6 20. Ba3 Bg7 21. Nf3 Nd7
22. Bd6 dxc4 23. bxc4 Bc6 24. Nd4 Ba4 25. Nb3 Bf8 26. g3 Bxd6 27. exd6 Nc5 28.
Rd2 Qd7 29. Rb1 Bxb3 30. axb3 a5 31. Bg2 e5 32. b4 axb4 33. Rxb4 Rb8 34. h4 h5
35. Rxb6 Rxb6 36. Qxc5 Rb1+ 37. Kh2 e4 38. Qd5 e3 39. fxe3 Rxe3 40. c5 Rxg3 41.
Kxg3 Qg4+ 42. Kf2 Qxh4+ 43. Ke2 Re1+ 44. Kd3 Qb4 45. Kc2 Qb1+ 46. Kc3 Rc1+ 47.
Kd4 Qb4+ 48. Ke3 Rxc5 49. Qd4 Rc4 50. Qe5 Rc3+ 51. Rd3 Rc5 52. Qe8+ Kg7 53. Bf3
Qe1+ 54. Be2 Qg1+ 55. Ke4 Qf2 56. Rd2 f5+ 57. Kd3 Qg3+ 0-1

[Event "Europa ch 2014"]
[Site "Yerevan ARM"]
[Date "2014.03.11"]
[Round "8.36"]
[White "Esen, Baris"]
[Black "Tomashevsky, Evgeny"]
[Result "1-0"]
[WhiteElo "2563"]
[BlackElo "2711"]
[PlyCount "76"]
[EventDate "2014.03.03"]
[EventType "swiss"]
[EventRounds "11"]
[EventCountry "ARM"]
[Source "lmi"]
[SourceDate "2014.03.02"]

1. d4 d5 2. c4 e6 3. Nf3 c6 4. e3 Bd6 5. b3 f5 6. Be2 Nf6 7. O-O Qe7 8. Bb2 O-O
9. Qc1 Nbd7 10. Ba3 e5 11. dxe5 Nxe5 12. Nxe5 Qxe5 13. Bxd6 Qxd6 14. cxd5 Nxd5
15. Nc3 Be6 16. Rd1 Rfd8 17. Bc4 Qe5 18. Nxd5 Bxd5 19. Qc2 Bf7 20. Rac1 Qf6 21.
g3 a6 22. Bxf7+ Qxf7 23. Qc5 Qe6 24. h4 h5 25. Qa5 Rd7 26. Rxd7 Qxd7 27. Rc4
Rf8 28. Rd4 Qe6 29. Qd2 Rf7 30. Rd6 Qe4 31. Qd1 Qg4 32. Rd8+ Kh7 33. Qd6 Qe4
34. Qb8 Qb1+ 35. Kh2 Qe4 36. Rh8+ Kg6 37. Qd6+ Rf6 38. Qd1 Qd4 1-0

[Event "Europa ch 2014"]
[Site "Yerevan ARM"]
[Date "2014.03.11"]
[Round "8.38"]
[White "Cheparinov, Ivan"]
[Black "Kovalev, Vladislav"]
[Result "1-0"]
[WhiteElo "2681"]
[BlackElo "2548"]
[PlyCount "89"]
[EventDate "2014.03.03"]
[EventType "swiss"]
[EventRounds "11"]
[EventCountry "ARM"]
[Source "lmi"]
[SourceDate "2014.03.02"]

1. Nf3 Nf6 2. c4 g6 3. Nc3 Bg7 4. e4 d6 5. d4 O-O 6. h3 c5 7. d5 e6 8. Bd3 exd5
9. exd5 b5 10. Nxb5 Re8+ 11. Be3 Ne4 12. O-O a6 13. Nc3 Nxc3 14. bxc3 Nd7 15.
Bf4 Ne5 16. Nxe5 Bxe5 17. Bxe5 Rxe5 18. Qd2 f5 19. Rfe1 Rxe1+ 20. Rxe1 Bd7 21.
Qf4 Qf8 22. Qh4 Re8 23. Rb1 Rb8 24. Rxb8 Qxb8 25. Qe7 Ba4 26. h4 Bd1 27. Qe1
Ba4 28. Qe6+ Kg7 29. Qe7+ Kg8 30. h5 Qf8 31. Qb7 Bd1 32. hxg6 hxg6 33. Qxa6 Qe7
34. Qc8+ Kg7 35. Qe6 Qxe6 36. dxe6 Kf6 37. f4 Kxe6 38. Kf2 d5 39. Ke3 Ba4 40.
Be2 Bc2 41. cxd5+ Kxd5 42. Bb5 Be4 43. g3 Ke6 44. a4 Kf6 45. Be2 1-0

[Event "Europa ch 2014"]
[Site "Yerevan ARM"]
[Date "2014.03.11"]
[Round "8.40"]
[White "Grachev, Boris"]
[Black "Can, Emre"]
[Result "1-0"]
[WhiteElo "2675"]
[BlackElo "2524"]
[PlyCount "117"]
[EventDate "2014.03.03"]
[EventType "swiss"]
[EventRounds "11"]
[EventCountry "ARM"]
[Source "lmi"]
[SourceDate "2014.03.02"]

1. d4 g6 2. Nf3 Bg7 3. c4 Nf6 4. g3 O-O 5. Bg2 d6 6. O-O Nc6 7. Nc3 a6 8. e4
Bg4 9. Be3 Nd7 10. h3 Bxf3 11. Bxf3 e5 12. d5 Nd4 13. Bg2 c5 14. dxc6 bxc6 15.
b4 Qe7 16. Qd3 Rfb8 17. Rab1 Qe6 18. Rfc1 Rb7 19. Ne2 Rab8 20. a3 a5 21. Bd2
Nc5 22. Qe3 Na6 23. Nxd4 exd4 24. Qe1 axb4 25. axb4 Rb6 26. Bf1 Qc8 27. h4 h5
28. Kh2 Kh7 29. Kg1 Qg4 30. Kg2 Qc8 31. Rb3 Qb7 32. Rcb1 Nc5 33. Ra3 Na6 34. b5
cxb5 35. cxb5 Nc5 36. Ba5 Nxe4 37. Kg1 Nc3 38. Rbb3 Qd5 39. Bxb6 Rxb6 40. Bg2
Qc4 41. Bf1 Qd5 42. Qd2 Ne4 43. Qa5 Qc5 44. Qe1 d5 45. Bd3 Re6 46. Ra6 Re7 47.
Qd1 Qc8 48. Rc6 Qe8 49. Kg2 Qa8 50. Rc2 Qa4 51. Rbb2 Qa3 52. Qf3 Qa1 53. b6 Nc5
54. Rxc5 Qxb2 55. Rb5 Qd2 56. b7 Re3 57. Qxh5+ Bh6 58. b8=Q Qxd3 59. Qxh6+ 1-0

[Event "Europa ch 2014"]
[Site "Yerevan ARM"]
[Date "2014.03.11"]
[Round "8.41"]
[White "Oral, Tomas"]
[Black "Khairullin, Ildar"]
[Result "1/2-1/2"]
[WhiteElo "2528"]
[BlackElo "2657"]
[PlyCount "74"]
[EventDate "2014.03.03"]
[EventType "swiss"]
[EventRounds "11"]
[EventCountry "ARM"]
[Source "lmi"]
[SourceDate "2014.03.02"]

1. e4 d6 2. d4 Nf6 3. Nc3 Nbd7 4. Nf3 e5 5. Bc4 Be7 6. O-O Nb6 7. Be2 exd4 8.
Nxd4 O-O 9. f4 Re8 10. Bf3 c6 11. Kh1 Bf8 12. a4 a5 13. b3 d5 14. e5 Nfd7 15.
Bb2 Nc5 16. Qd2 f6 17. exf6 Qxf6 18. Rae1 Rxe1 19. Rxe1 Qf7 20. Nd1 Nbd7 21.
Nf2 Bd6 22. Ne2 Nf6 23. Be5 Bxe5 24. fxe5 Nfe4 25. Nxe4 dxe4 26. Bh5 g6 27. Ng3
gxh5 28. Qg5+ Qg7 29. Qd8+ Qf8 30. Qg5+ Qg7 31. Qd8+ Qf8 32. Qg5+ Qg7 33. Qd8+
Qf8 34. Qg5+ Qg7 35. Qd8+ Qf8 36. Qg5+ Qg7 37. Qd8+ Qf8 1/2-1/2

[Event "Europa ch 2014"]
[Site "Yerevan ARM"]
[Date "2014.03.11"]
[Round "8.42"]
[White "Socko, Bartosz"]
[Black "Stukopin, Andrey"]
[Result "1/2-1/2"]
[WhiteElo "2654"]
[BlackElo "2544"]
[PlyCount "156"]
[EventDate "2014.03.03"]
[EventType "swiss"]
[EventRounds "11"]
[EventCountry "ARM"]
[Source "lmi"]
[SourceDate "2014.03.02"]

1. d4 Nf6 2. c4 e6 3. Nc3 Bb4 4. Qc2 O-O 5. a3 Bxc3+ 6. Qxc3 b6 7. Bg5 Bb7 8.
e3 d6 9. Ne2 Nbd7 10. Qd3 h6 11. Bh4 e5 12. Nc3 exd4 13. Qxd4 Re8 14. Nd5 g5
15. Bg3 c5 16. Nxf6+ Nxf6 17. Qxd6 Qxd6 18. Bxd6 Ne4 19. Bg3 Rad8 20. Be2 Kg7
21. Bf3 f5 22. Rd1 g4 23. Rxd8 Rxd8 24. Bxe4 Bxe4 25. O-O Bc2 26. Rc1 Kf7 27.
Bb8 a5 28. Bc7 Rd1+ 29. Rxd1 Bxd1 30. Bxb6 a4 31. Bxc5 Bb3 32. f3 gxf3 33. gxf3
Bxc4 34. Kf2 Ke6 35. Kg3 Be2 36. Kf4 Bd1 37. Bb4 Be2 38. h4 h5 39. Bc3 Bd1 40.
e4 fxe4 41. fxe4 Bb3 42. Kg5 Bc2 43. e5 Bd1 44. Kg6 Be2 45. b3 axb3 46. a4 Ke7
47. a5 Ke6 48. Bb2 Ke7 49. Kf5 Bd3+ 50. Kf4 Ke6 51. Ke3 Bf1 52. Kd4 Bg2 53. Kc4
Bd5+ 54. Kc5 Bg2 55. Kb4 Bd5 56. a6 Kd7 57. Kc5 Ke6 58. Kb5 Bf3 59. Kb6 Kd7 60.
Ba3 Ke6 61. Bb2 Kd7 62. Kb5 Ke6 63. Ka5 Bd5 64. Kb6 Kd7 65. Kb5 Ke6 66. Kc5 Bf3
67. Kb6 Kd7 68. Ka7 Kc7 69. e6 Kd6 70. Kb8 Kxe6 71. a7 Kf5 72. a8=R Bxa8 73.
Kxa8 Kg4 74. Bf6 b2 75. Bxb2 Kxh4 76. Bf6+ Kg4 77. Kb7 h4 78. Bxh4 Kxh4 1/2-1/2

[Event "Europa ch 2014"]
[Site "Yerevan ARM"]
[Date "2014.03.11"]
[Round "8.43"]
[White "Ragger, Markus"]
[Black "Paichadze, Luka"]
[Result "1/2-1/2"]
[WhiteElo "2644"]
[BlackElo "2529"]
[PlyCount "130"]
[EventDate "2014.03.03"]
[EventType "swiss"]
[EventRounds "11"]
[EventCountry "ARM"]
[Source "lmi"]
[SourceDate "2014.03.02"]

1. d4 Nf6 2. c4 e6 3. Nf3 Bb4+ 4. Bd2 Bxd2+ 5. Qxd2 d5 6. Nc3 O-O 7. e3 Qe7 8.
cxd5 exd5 9. Bd3 Nc6 10. h3 Nb4 11. Bb1 Ne4 12. Qc1 c6 13. O-O Bf5 14. Nd2 Rad8
15. a3 Na6 16. Ndxe4 Bxe4 17. b4 Bxb1 18. Rxb1 Nc7 19. b5 c5 20. dxc5 Qxc5 21.
Ne2 Qxc1 22. Rfxc1 Ne6 23. Rb4 Rc8 24. Rxc8 Rxc8 25. Ra4 Rc2 26. Nd4 Nxd4 27.
exd4 Rc1+ 28. Kh2 a6 29. bxa6 bxa6 30. Ra5 Kf8 31. Rxd5 Rc4 32. Ra5 Rxd4 33.
Rxa6 Rd3 34. Ra8+ Ke7 35. Ra7+ Kf6 36. Ra4 g5 37. h4 h6 38. Ra6+ Kg7 39. h5 Rb3
40. a4 Ra3 41. g4 Ra2 42. Kg2 Ra3 43. Ra7 Kf6 44. Ra5 Kg7 45. Ra6 Kh7 46. Kf1
Ra2 47. Ra8 Kg7 48. a5 Ra4 49. f3 Ra3 50. Ke2 Kf6 51. Ra7 Kg7 52. a6 Kf6 53.
Kf2 Kg7 54. Ra8 Kf6 55. Ra7 Kg7 56. Ke2 Kf6 57. Kd2 Rxf3 58. Rc7 Ra3 59. a7 Ke6
60. Kc2 f5 61. Kb2 Ra4 62. Kb3 Ra1 63. Kb2 Ra4 64. Kb3 Ra1 65. Kb2 Ke5 1/2-1/2

[Event "Europa ch 2014"]
[Site "Yerevan ARM"]
[Date "2014.03.11"]
[Round "8.44"]
[White "Beliavsky, Alexander G"]
[Black "Neverov, Valeriy"]
[Result "0-1"]
[WhiteElo "2643"]
[BlackElo "2508"]
[PlyCount "118"]
[EventDate "2014.03.03"]
[EventType "swiss"]
[EventRounds "11"]
[EventCountry "ARM"]
[Source "lmi"]
[SourceDate "2014.03.02"]

1. c4 c5 2. Nf3 Nc6 3. d4 cxd4 4. Nxd4 Nf6 5. Nc3 g6 6. e4 d6 7. Be2 Nxd4 8.
Qxd4 Bg7 9. Bg5 h6 10. Be3 O-O 11. Qd2 Kh7 12. O-O Be6 13. Rac1 Qa5 14. b3 a6
15. f3 Rac8 16. Rfd1 Rfe8 17. Rc2 Nd7 18. Rdc1 f5 19. exf5 Bxf5 20. Bd3 Rf8 21.
Bxf5 Qxf5 22. Ne4 Nc5 23. Ng3 Qf7 24. Re1 Nd7 25. Qe2 g5 26. Rcc1 Qg6 27. Rcd1
Rf7 28. Bd4 Bxd4+ 29. Rxd4 Rc5 30. Re4 Re5 31. Rxe5 Nxe5 32. c5 Nd3 33. cxd6
exd6 34. Rd1 Nf4 35. Qe8 d5 36. Ne2 Rc7 37. Qxg6+ Kxg6 38. Nd4 Kf6 39. Re1 Rc3
40. g3 Rd3 41. gxf4 Rxd4 42. fxg5+ hxg5 43. Re8 Rd2 44. Rb8 Rxa2 45. Rxb7 Ke5
46. Rb4 d4 47. Kf1 Rxh2 48. Ra4 Rb2 49. Rxa6 Kf4 50. b4 Kxf3 51. Rf6+ Ke3 52.
Re6+ Kd3 53. Rg6 Rxb4 54. Rxg5 Rb1+ 55. Kf2 Kd2 56. Ra5 d3 57. Ra2+ Kc3 58.
Ra3+ Kc2 59. Ra2+ Kb3 0-1

[Event "Europa ch 2014"]
[Site "Yerevan ARM"]
[Date "2014.03.11"]
[Round "8.45"]
[White "Kuzubov, Yuriy"]
[Black "Babujian, Levon"]
[Result "1-0"]
[WhiteElo "2642"]
[BlackElo "2491"]
[PlyCount "91"]
[EventDate "2014.03.03"]
[EventType "swiss"]
[EventRounds "11"]
[EventCountry "ARM"]
[Source "lmi"]
[SourceDate "2014.03.02"]

1. d4 Nf6 2. c4 e6 3. Nc3 Bb4 4. e3 d5 5. Qa4+ Nc6 6. Nf3 O-O 7. Qc2 Re8 8. a3
Bf8 9. Bd2 e5 10. dxe5 Nxe5 11. cxd5 Nxd5 12. O-O-O Nb6 13. Ne4 Qe7 14. Bc3 Ng6
15. Bd3 c5 16. Neg5 Bd7 17. h4 c4 18. Bxc4 Nxc4 19. h5 Nxa3 20. hxg6 Nxc2 21.
Rxh7 Ne1 22. Rxe1 Rac8 23. gxf7+ Qxf7 24. Nxf7 Kxh7 25. Rh1+ Kg8 26. N3g5 Rxc3+
27. bxc3 g6 28. Rh8+ Kg7 29. Rh7+ Kf6 30. f4 Ba3+ 31. Kd2 Re7 32. Ne5 Rxh7 33.
Nxh7+ Kg7 34. Nxd7 Kxh7 35. e4 b5 36. g4 a5 37. e5 Kg7 38. Nb6 Bc5 39. Nd5 b4
40. cxb4 axb4 41. Kd3 b3 42. Kc3 Bf2 43. Kxb3 Bg3 44. e6 Bxf4 45. Nxf4 Kf6 46.
g5+ 1-0

[Event "Europa ch 2014"]
[Site "Yerevan ARM"]
[Date "2014.03.11"]
[Round "8.46"]
[White "Oleksienko, Mikhailo"]
[Black "Firat, Burak"]
[Result "1-0"]
[WhiteElo "2640"]
[BlackElo "2480"]
[PlyCount "161"]
[EventDate "2014.03.03"]
[EventType "swiss"]
[EventRounds "11"]
[EventCountry "ARM"]
[Source "lmi"]
[SourceDate "2014.03.02"]

1. e4 c6 2. d4 d5 3. e5 Bf5 4. Nd2 e6 5. Nb3 Nd7 6. Nf3 Qc7 7. Be2 c5 8. dxc5
Bxc5 9. Nxc5 Qxc5 10. c3 Ne7 11. Bg5 Bg4 12. Bxe7 Qxe7 13. Nd4 Bxe2 14. Qxe2
Qg5 15. Nf3 Qxg2 16. Rg1 Qh3 17. Rxg7 O-O-O 18. Qe3 Rhg8 19. Rg3 Qf5 20. O-O-O
Qe4 21. Qxe4 dxe4 22. Ng5 Nxe5 23. Rxd8+ Rxd8 24. Nxe4 f5 25. Nc5 Rd6 26. Rg8+
Rd8 27. Rxd8+ Kxd8 28. Nxe6+ Ke7 29. Nd4 Kf6 30. Kd2 Nc4+ 31. Kc2 Ke5 32. b3
Nd6 33. Kd3 Kf4 34. f3 b5 35. Ke2 a5 36. Ne6+ Ke5 37. Nc5 Kd5 38. Nd3 Nc8 39.
Ke3 Ne7 40. Kf4 h6 41. Ke3 Nc6 42. Nf4+ Ke5 43. Ne2 Ne7 44. Nd4 Nd5+ 45. Kd3
Nc7 46. c4 bxc4+ 47. bxc4 Na6 48. Nc6+ Kf4 49. Ke2 a4 50. a3 Nc5 51. Nb4 Ne6
52. Nd3+ Kg5 53. Ke3 h5 54. c5 Kf6 55. c6 Ke7 56. Nb2 Kd6 57. Nxa4 Kxc6 58. Nc3
Kd6 59. Ne2 Ke5 60. f4+ Kd5 61. Ng3 Nd4 62. Nxh5 Nc2+ 63. Kf3 Nxa3 64. Ng7 Nc4
65. Nxf5 Ke6 66. Ne3 Nd2+ 67. Kg4 Kf6 68. f5 Ke5 69. h4 Ne4 70. Nc4+ Kf6 71.
Kf4 Nc3 72. Ne3 Ne2+ 73. Kf3 Nd4+ 74. Ke4 Nc6 75. Ng4+ Kg7 76. Kf4 Nd4 77. h5
Kf7 78. h6 Nb5 79. Ne5+ Kf8 80. f6 Nd4 81. h7 1-0

[Event "Europa ch 2014"]
[Site "Yerevan ARM"]
[Date "2014.03.11"]
[Round "8.47"]
[White "Postny, Evgeny"]
[Black "Givon, Asaf"]
[Result "1/2-1/2"]
[WhiteElo "2635"]
[BlackElo "2449"]
[PlyCount "89"]
[EventDate "2014.03.03"]
[EventType "swiss"]
[EventRounds "11"]
[EventCountry "ARM"]
[Source "lmi"]
[SourceDate "2014.03.02"]

1. Nf3 Nf6 2. c4 c5 3. Nc3 e6 4. g3 b6 5. Bg2 Bb7 6. O-O Be7 7. d4 cxd4 8. Qxd4
d6 9. Bg5 O-O 10. Rfd1 Nc6 11. Qd2 Qb8 12. Rac1 Rd8 13. Qc2 h6 14. Bf4 Nd7 15.
Qd2 Nce5 16. Bxe5 dxe5 17. Qc2 a6 18. a3 Qc7 19. Nd2 Rac8 20. Bxb7 Qxb7 21. b4
Nb8 22. Qe4 Qxe4 23. Ncxe4 f5 24. Nc3 a5 25. Rb1 Nc6 26. c5 axb4 27. axb4 bxc5
28. b5 Na5 29. b6 c4 30. Nf3 Bf6 31. Rb5 Rxd1+ 32. Nxd1 Nb7 33. Ne3 c3 34. Nc2
Rd8 35. e4 fxe4 36. Nfe1 Rd5 37. Rb3 Rc5 38. Rb4 Bd8 39. Ne3 Rc6 40. Nc4 Rc5
41. Nc2 Kf8 42. Kf1 Ke8 43. Ke2 Kd7 44. Ke3 Bf6 45. Kxe4 1/2-1/2

[Event "Europa ch 2014"]
[Site "Yerevan ARM"]
[Date "2014.03.11"]
[Round "8.48"]
[White "Antipov, Mikhail Al"]
[Black "Ivanisevic, Ivan"]
[Result "1/2-1/2"]
[WhiteElo "2507"]
[BlackElo "2633"]
[PlyCount "153"]
[EventDate "2014.03.03"]
[EventType "swiss"]
[EventRounds "11"]
[EventCountry "ARM"]
[Source "lmi"]
[SourceDate "2014.03.02"]

1. e4 c5 2. Nf3 e6 3. b3 a6 4. Bb2 Nc6 5. Qe2 Nf6 6. e5 Nd5 7. c4 Nde7 8. Na3
Nf5 9. Nc2 b5 10. g3 bxc4 11. bxc4 Rb8 12. Bc3 Bb7 13. Bg2 Nb4 14. Nxb4 cxb4
15. Bb2 Bc5 16. O-O O-O 17. g4 Bxf3 18. Qxf3 Bd4 19. Bxd4 Nxd4 20. Qd3 Qb6 21.
Rae1 d6 22. exd6 Rfd8 23. Re5 Qxd6 24. Rfe1 Rbc8 25. Bd5 Qb6 26. c5 Rxc5 27.
Qxd4 Qd6 28. Rg5 g6 29. Qxb4 Rxd5 30. Qxd6 R8xd6 31. Rxd5 Rxd5 32. Re4 Rxd2 33.
Ra4 Rd6 34. Kg2 Kg7 35. Ra5 h6 36. Kg3 Kf6 37. h4 e5 38. Kf3 Ke6 39. Ke3 f5 40.
gxf5+ gxf5 41. f4 e4 42. Ke2 h5 43. Re5+ Kf6 44. Ra5 Rc6 45. Kd2 Kg6 46. Ra3
Rb6 47. Ke3 Rc6 48. Kd2 Kf7 49. Ra5 Kf6 50. Ra3 Ke6 51. Ra5 Rc8 52. Rxa6+ Kd5
53. Ra7 Rc6 54. Ra8 Rg6 55. Ra5+ Kc4 56. Ra4+ Kb5 57. Rd4 Ra6 58. Rd5+ Kc4 59.
Rxf5 Kd4 60. Rxh5 Rxa2+ 61. Kd1 Ke3 62. Re5 Kxf4 63. Re8 Ke3 64. h5 Rd2+ 65.
Ke1 Rh2 66. Kf1 Rxh5 67. Re7 Rh1+ 68. Kg2 Rd1 69. Re8 Rd4 70. Kf1 Rc4 71. Re7
Rc1+ 72. Kg2 Kd3 73. Kf2 Rc2+ 74. Ke1 Ke3 75. Kf1 Rc5 76. Re8 Rh5 77. Re7
1/2-1/2

[Event "Europa ch 2014"]
[Site "Yerevan ARM"]
[Date "2014.03.11"]
[Round "8.49"]
[White "Stupak, Kirill"]
[Black "Kovalenko, Igor"]
[Result "0-1"]
[WhiteElo "2498"]
[BlackElo "2626"]
[PlyCount "80"]
[EventDate "2014.03.03"]
[EventType "swiss"]
[EventRounds "11"]
[EventCountry "ARM"]
[Source "lmi"]
[SourceDate "2014.03.02"]

1. d4 e6 2. Nf3 Nf6 3. c4 b6 4. a3 Ba6 5. Qc2 c5 6. e4 cxd4 7. Nxd4 Bb7 8. Nc3
Bc5 9. Nb3 Nc6 10. Bf4 O-O 11. Rd1 e5 12. Bg5 h6 13. Bxf6 Qxf6 14. Rxd7 Rab8
15. Rd2 Qg5 16. g3 f5 17. h4 Qh5 18. Qd1 Qf7 19. Rd7 Qe8 20. Qd5+ Kh8 21. Nxc5
bxc5 22. Bg2 f4 23. O-O Ba8 24. Nb5 Qg6 25. Rd6 Qg4 26. Qe6 Qe2 27. Rxc6 Bxc6
28. Qxc6 fxg3 29. fxg3 Rxf1+ 30. Bxf1 Qe1 31. Qd6 Qxg3+ 32. Bg2 Qe1+ 33. Bf1
Qe3+ 34. Kh1 Qxe4+ 35. Kg1 Rb6 36. Qf8+ Kh7 37. Qf2 Rf6 38. Nc3 Qg4+ 39. Qg2
Qd4+ 40. Kh1 Qxh4+ 0-1

[Event "Europa ch 2014"]
[Site "Yerevan ARM"]
[Date "2014.03.11"]
[Round "8.50"]
[White "Alekseenko, Kirill"]
[Black "Potkin, Vladimir"]
[Result "0-1"]
[WhiteElo "2461"]
[BlackElo "2625"]
[PlyCount "136"]
[EventDate "2014.03.03"]
[EventType "swiss"]
[EventRounds "11"]
[EventCountry "ARM"]
[Source "lmi"]
[SourceDate "2014.03.02"]

1. e4 e6 2. d4 d5 3. Nd2 c5 4. exd5 Qxd5 5. dxc5 Nf6 6. Ngf3 Qxc5 7. Bd3 Be7 8.
O-O O-O 9. Qe2 Nbd7 10. a4 Qc7 11. a5 Nd5 12. Nb3 a6 13. Rd1 Rd8 14. Bxh7+ Kxh7
15. Rxd5 exd5 16. Qxe7 Rf8 17. Qh4+ Kg8 18. Nbd4 Re8 19. Bf4 Qd8 20. Qxd8 Rxd8
21. Re1 Nf6 22. Bg5 Bg4 23. Bxf6 gxf6 24. Nd2 Re8 25. Ra1 Rac8 26. f3 Bd7 27.
Kf2 Kg7 28. Nf1 Rc4 29. c3 Ra4 30. Rxa4 Bxa4 31. Ne3 Rd8 32. g4 Bd7 33. Kg3 Be6
34. f4 Rc8 35. f5 Bd7 36. Ne2 Re8 37. Kf4 Rh8 38. Ng3 Rxh2 39. Nh5+ Kf8 40.
Nxf6 Bc6 41. b4 d4 42. cxd4 Rf2+ 43. Kg5 Rf3 44. Ng2 Rb3 45. d5 Ba4 46. Kf4
Rxb4+ 47. Ke5 b6 48. axb6 Rxb6 49. g5 a5 50. Nf4 Rb1 51. g6 Re1+ 52. Kd6 fxg6
53. fxg6 Kg7 54. N6h5+ Kh6 55. g7 Rg1 56. Ke7 Bb5 57. Nh3 Rg6 58. Nf2 Kxh5 59.
Kf8 Rf6+ 60. Ke7 Rg6 61. Kf8 a4 62. Nd1 a3 63. Nc3 Kg5 64. g8=Q Rxg8+ 65. Kxg8
Kf6 66. Kf8 Bc4 67. Ke8 Ke5 68. Kd7 Kd4 0-1

[Event "Europa ch 2014"]
[Site "Yerevan ARM"]
[Date "2014.03.11"]
[Round "8.51"]
[White "Raznikov, Danny"]
[Black "Schlosser, Philipp"]
[Result "1-0"]
[WhiteElo "2490"]
[BlackElo "2612"]
[PlyCount "99"]
[EventDate "2014.03.03"]
[EventType "swiss"]
[EventRounds "11"]
[EventCountry "ARM"]
[Source "lmi"]
[SourceDate "2014.03.02"]

1. d4 Nf6 2. c4 e6 3. Nc3 Bb4 4. e3 O-O 5. Bd3 d5 6. Nf3 b6 7. O-O Bb7 8. cxd5
exd5 9. a3 Bd6 10. b4 Nbd7 11. Qb3 a6 12. a4 Qe7 13. Ba3 Rfd8 14. Rfc1 Nf8 15.
b5 Bxa3 16. Rxa3 axb5 17. Nxb5 c5 18. Qb2 Bc6 19. dxc5 bxc5 20. Qe5 Ne6 21.
Nfd4 Bxb5 22. Nxb5 Ra5 23. Bc2 c4 24. Raa1 Kf8 25. Rd1 Rda8 26. Rab1 Nc5 27.
Qxe7+ Kxe7 28. Nc3 Rd8 29. f3 Ne6 30. Kf2 Rd7 31. Rb4 h5 32. h4 Kd6 33. Rxc4
Ke7 34. Rc8 Rc7 35. Rxc7+ Nxc7 36. Ne2 Ne6 37. Nd4 Kd6 38. Rb1 Nxd4 39. exd4
Nd7 40. Rb5 Ra7 41. Bb3 Nf6 42. Ke3 Re7+ 43. Kd2 Ra7 44. a5 Kc6 45. Rc5+ Kd6
46. Ba4 Ng8 47. Rc6+ Ke7 48. a6 Kd8 49. Bb5 Ne7 50. Rc5 1-0

[Event "Europa ch 2014"]
[Site "Yerevan ARM"]
[Date "2014.03.11"]
[Round "8.52"]
[White "Jurcik, Marian"]
[Black "Fridman, Daniel"]
[Result "0-1"]
[WhiteElo "2481"]
[BlackElo "2604"]
[PlyCount "158"]
[EventDate "2014.03.03"]
[EventType "swiss"]
[EventRounds "11"]
[EventCountry "ARM"]
[Source "lmi"]
[SourceDate "2014.03.02"]

1. c4 e6 2. Nf3 d5 3. d4 Nf6 4. Nc3 c6 5. cxd5 exd5 6. Qc2 g6 7. Bg5 Be7 8. e3
Bf5 9. Bd3 Bxd3 10. Qxd3 Nbd7 11. Bh6 Ng4 12. Bf4 O-O 13. h3 Ngf6 14. O-O Re8
15. Rab1 a5 16. Qc2 Nb6 17. Rbc1 Nc4 18. b3 Nd6 19. Ne5 Nfe4 20. Nd3 Nxc3 21.
Qxc3 Ne4 22. Qb2 Bd6 23. Bxd6 Nxd6 24. Nc5 Qg5 25. Qe2 h5 26. Qf3 Re7 27. Nd3
Nf5 28. Qf4 Qf6 29. Ne5 Kg7 30. g4 hxg4 31. hxg4 Nd6 32. Qxf6+ Kxf6 33. Kg2 Kg7
34. g5 Ne4 35. f4 Ree8 36. Rh1 Rh8 37. Kf3 a4 38. bxa4 Rxh1 39. Rxh1 Rxa4 40.
Rh2 Ra3 41. Rb2 Nd6 42. Nd7 Ra7 43. Nc5 Kf8 44. a4 Ke7 45. e4 dxe4+ 46. Nxe4
Nf5 47. Nc5 b5 48. Rb4 bxa4 49. Nxa4 Kd6 50. Kf2 Re7 51. Nc3 Re3 52. Ne2 Ra3
53. Rb7 Ke6 54. Rc7 Ne7 55. Ng3 Rd3 56. Ne2 Rd2 57. Kf3 Rc2 58. Ra7 Nd5 59. Ra8
Rb2 60. Ra3 Rd2 61. Rb3 Rd1 62. Ra3 Nc7 63. Rc3 Kd6 64. Rc1 Rd3+ 65. Ke4 Rh3
66. Rc3 Rh2 67. Kf3 Ne6 68. Rc1 Kd5 69. Rd1 Rh3+ 70. Kf2 Ke4 71. Kg2 Re3 72.
Ng3+ Kxf4 73. Rf1+ Kg4 74. Nh1 Nf4+ 75. Kh2 Re2+ 76. Rf2 Kxg5 77. Kg3 Rxf2 78.
Kxf2 Kg4 79. Ke3 Nh3 0-1